000 00377nam a22001451a 4500
082 _aM301
_bSRE/T
100 _aSreeraman C V
245 _aTheerthakkavady/
_cby Sreeraman C V
260 _aKottayam:
_bSahitya Pravartaka Cooperative Society,
_c2000.
300 _a80p.
650 _aStories Malayalam
650 _aLiterature Malayalam
650 _aLiterature
942 _cBK
999 _c46689
_d46689